<?xml version="1.0" encoding="UTF-8"?>
<record
    xmlns:xsi="http://www.w3.org/2001/XMLSchema-instance"
    xsi:schemaLocation="http://www.loc.gov/MARC21/slim http://www.loc.gov/standards/marcxml/schema/MARC21slim.xsd"
    xmlns="http://www.loc.gov/MARC21/slim">

  <leader>02198nab a2200277 i 4500</leader>
  <controlfield tag="003">BR-BrBNA</controlfield>
  <controlfield tag="005">20260427154258.0</controlfield>
  <controlfield tag="008">260427b2019    bl.qr|pooa||| 00| 0 eng |</controlfield>
  <datafield tag="040" ind1=" " ind2=" ">
    <subfield code="a">BR-BrBNA</subfield>
    <subfield code="b">eng</subfield>
  </datafield>
  <datafield tag="072" ind1=" " ind2=" ">
    <subfield code="a">E11</subfield>
  </datafield>
  <datafield tag="072" ind1=" " ind2=" ">
    <subfield code="a">F40</subfield>
  </datafield>
  <datafield tag="072" ind1=" " ind2=" ">
    <subfield code="a">U40</subfield>
  </datafield>
  <datafield tag="100" ind1=" " ind2=" ">
    <subfield code="a">Ferreira, Mila Letice Sangali Mattos </subfield>
  </datafield>
  <datafield tag="100" ind1=" " ind2=" ">
    <subfield code="a">Mello, Tamyris Dias de </subfield>
  </datafield>
  <datafield tag="100" ind1=" " ind2=" ">
    <subfield code="a">Dias, Henrique Machado </subfield>
  </datafield>
  <datafield tag="245" ind1=" " ind2=" ">
    <subfield code="a">Goods and Services Associated with a Sandy Coastal Plain in Southeastern Brazil</subfield>
  </datafield>
  <datafield tag="500" ind1=" " ind2=" ">
    <subfield code="a">Publica&#xE7;&#xE3;o on-line; 18 ref.; 2 tables; 3 illus.; Summary (En)</subfield>
  </datafield>
  <datafield tag="520" ind1=" " ind2=" ">
    <subfield code="a">

ABSTRACT

The objective of this study was to identify, characterize and map an area for its different types
of direct and indirect use of native vegetation of sandy coastal plains (Restinga) at &#x201C;Praia das
Neves&#x201D;, a district of the municipality of Presidente Kennedy, state of Esp&#xED;rito Santo, Brazil.
Data were collected on site using an orthophotomosaic provided by the State Environmental
Institute (IEMA) on a 1:35,000 scale, where plant formations of sandy coastal plains were
identified and mapped. Six phytophysiognomies were categorized by the following surveying:
Halophyte/Creeping-Psamophyte, Open Scrub Palm, Low Closed Thicket, Open Scrub,
Non-Flooded Forest and Herbaceous Swamp. Vegetation portions were fragmented due to use
for real estate dynamics and cattle raising activity. Among the most prominent and supplied
goods are wood exploitation, vegetable products for food and fresh water supply. Furthermore,
the services identified are water resource maintenance and ecological functions provided by
sandy coastal plain phytophysiognomies.

Keywords: phytophysiognomies, remote sensing, restinga, direct and indirect uses.</subfield>
  </datafield>
  <datafield tag="650" ind1=" " ind2=" ">
    <subfield code="a">SENSORIAMENTO REMOTO</subfield>
  </datafield>
  <datafield tag="650" ind1=" " ind2=" ">
    <subfield code="a">RESTINGA</subfield>
  </datafield>
  <datafield tag="650" ind1=" " ind2=" ">
    <subfield code="a">USO DA TERRA</subfield>
  </datafield>
  <datafield tag="773" ind1="0" ind2=" ">
    <subfield code="0">2929</subfield>
    <subfield code="9">347954</subfield>
    <subfield code="d">Rio de Janeiro-RJ Instituto de Florestas - UFRRJ 1994</subfield>
    <subfield code="o">2025-0453</subfield>
    <subfield code="t">Floresta e Ambiente (Brazil)</subfield>
    <subfield code="x">1415-0980  /  ISSN 2179-8087 0nline</subfield>
    <subfield code="g">v. 26(special number n.1) p. 1-8; (2019)</subfield>
    <subfield code="w">BR2026001300</subfield>
  </datafield>
  <datafield tag="856" ind1=" " ind2=" ">
    <subfield code="u">https://www.scielo.br/j/floram/a/rLbMLpqXQygzz969GVKCZMx/?format=pdf&amp;lang=en</subfield>
  </datafield>
  <datafield tag="942" ind1=" " ind2=" ">
    <subfield code="c">ANA</subfield>
  </datafield>
  <datafield tag="999" ind1=" " ind2=" ">
    <subfield code="c">341583</subfield>
    <subfield code="d">341583</subfield>
  </datafield>
</record>
